Lateinische Tiernamen 1 - Statistiken

Allgemein
  • Dieses Quiz wurde 84 mal gespielt
  • Das Durchschnittsergebnis liegt bei 18 aus 30
Antwortstatistiken
Frage Kachel Select % Korrekt
Welches Tier hat den wissenschaftlichen Namen: Ampulex dementor? Nein
87%
Welches Tier hat den wissenschaftlichen Namen: Electrolux addisoni? Nein
82%
Welches Tier hat den wissenschaftlichen Namen: Lynx lynx Nein
82%
Welches Tier hat den wissenschaftlichen Namen: Gollumjapyx smeagol? Nein
79%
Welches Tier hat den wissenschaftlichen Namen: Lynx lynx Ja
77%
Welches Tier hat den wissenschaftlichen Namen: Lynx lynx Nein
75%
Welches Tier hat den wissenschaftlichen Namen: Euglossa bazinga Nein
74%
Welches Tier hat den wissenschaftlichen Namen: Bubo bubo Nein
71%
Welches Tier hat den wissenschaftlichen Namen: Euglossa bazinga Nein
70%
Welches Tier hat den wissenschaftlichen Namen: Eriovixia gryffindori? Nein
70%
Welches Tier hat den wissenschaftlichen Namen: Ampulex dementor? Nein
69%
Welches Tier hat den wissenschaftlichen Namen: Tritonia khaleesi? Nein
68%
Welches Tier hat den wissenschaftlichen Namen: Ampulex dementor? Ja
66%
Welches Tier hat den wissenschaftlichen Namen: Mellivora capensis? Nein
65%
Welches Tier hat den wissenschaftlichen Namen: Bubo bubo Nein
65%
Welches Tier hat den wissenschaftlichen Namen: Mellivora capensis? Nein
64%
Welches Tier hat den wissenschaftlichen Namen: Neopalpa donaldtrumpi? Nein
64%
Welches Tier hat den wissenschaftlichen Namen: Euglossa bazinga Ja
64%
Welches Tier hat den wissenschaftlichen Namen: Neopalpa donaldtrumpi? Nein
56%
Welches Tier hat den wissenschaftlichen Namen: Tritonia khaleesi? Nein
56%
Welches Tier hat den wissenschaftlichen Namen: Electrolux addisoni? Nein
55%
Welches Tier hat den wissenschaftlichen Namen: Eriovixia gryffindori? Nein
53%
Welches Tier hat den wissenschaftlichen Namen: Electrolux addisoni? Ja
49%
Welches Tier hat den wissenschaftlichen Namen: Gollumjapyx smeagol? Nein
48%
Welches Tier hat den wissenschaftlichen Namen: Bubo bubo Ja
47%
Welches Tier hat den wissenschaftlichen Namen: Mellivora capensis? Ja
40%
Welches Tier hat den wissenschaftlichen Namen: Gollumjapyx smeagol? Ja
39%
Welches Tier hat den wissenschaftlichen Namen: Tritonia khaleesi? Ja
39%
Welches Tier hat den wissenschaftlichen Namen: Eriovixia gryffindori? Ja
39%
Welches Tier hat den wissenschaftlichen Namen: Neopalpa donaldtrumpi? Ja
31%
Keine übereinstimmenden Quizze gefunden
Verteilung der Resultate
Anzahl Personen mit jedem Resultat
Perzentil nach korrekt beantworteten Fragen
Ihre Resultats-Entwicklung
Sie haben dieses Quiz noch nicht gespielt